Logo BPK

Biblioteka

Politechniki Koszalińskiej

Longman słownik współczesny : (Rekord nr 49090)

Szczegóły MARC
000 -ETYKIETA REKORDU
podpole kontrolne o stałej długości 00717nam a2200229 i 4500
001 - NUMER KONTROLNY REKORDU
pole kontrolne bgj
020 ## - MIĘDZYNARODOWY ZNORMALIZOWANY NUMER KSIĄŻKI - ISBN
ISBN 0582447755
040 ## - ŹRÓDŁO KATALOGOWANIA
Instytucja, która utworzyła rekord BPK
041 0# - KOD JĘZYKA
Kod języka tekstu eng
920 ## - Międzynarodowy znormalizowany numer książki – ISBN
ISBN 0-582-44775-5
008 - POLE O STAŁEJ DŁUGOŚCI - DANE KONTROLNE
podpole kontrolne o stałej długości s uk f |000 0 eng
100 1# - NAZWA OSOBOWA
Nazwa osobowa Fisiak, Jacek
Daty związane z nazwą (1936- ).
245 10 - TYTUŁ/ODPOWIEDZIALNOŚĆ
Tytuł Longman słownik współczesny :
Ciąg dalszy tytułu angielsko-polski, polsko-angielski /
Pozostałe elementy strefy tytułu i oznaczenia odpowiedzialności Jacek Fisiak [et al.].
260 ## - STREFA ADRESU WYDAWNICZEGO
Miejsce wydania Harlow, Essex :
Nazwa wydawcy/dystrybutora Longman,
Data publikacji, dystrybucji/powstania dokumentu 2004.
300 ## - STREFA OPISU FIZYCZNEGO
Objętość IX, [2], A38, 1039 pp :
Inne cechy fizyczne ill. ;
Rozmiary 21 cm.
650 #9 - HASŁO PRZEDMIOTOWE W FORMIE NAZWY OGÓLNEJ LUB JEDNOSTKOWEJ
Nazwa ogólna lub geograficzna English language
Określnik ogólny Terms and phrases
650 #9 - HASŁO PRZEDMIOTOWE W FORMIE NAZWY OGÓLNEJ LUB JEDNOSTKOWEJ
Nazwa ogólna lub geograficzna Polish language
Określnik ogólny Terms and phrases
655 ## - TERMIN INDEKSOWY - OKREŚLENIE RODZAJU/FORMY DOKUMENTU
Określenie rodzaju/formy dokumentu Dictionaries
655 ## - TERMIN INDEKSOWY - OKREŚLENIE RODZAJU/FORMY DOKUMENTU
Określenie rodzaju/formy dokumentu Słowniki angielsko-polskie
655 ## - TERMIN INDEKSOWY - OKREŚLENIE RODZAJU/FORMY DOKUMENTU
Określenie rodzaju/formy dokumentu Słowniki polsko-angielskie
856 ## - LOKALIZACJA I DOSTĘP DO ELEKTRONICZNYCH DOKUMENTÓW ZDALNYCH
Link (URL) http://koha.tu.koszalin.pl/cgi-bin/koha/opac-detail.pl?biblionumber=49090
Tekst linku Katalog online BPK
942 ## - DODATKOWE ELEMENTY (KOHA)
Typ dokumentu Książka
Egzemplarze
Wycofany Status egzemplarza Uszkodzony Dostępność Lokalizacja stała Lokalizacja bieżąca Miejsce przechowywania Sygnatura Kod kreskowy Dział Typ dokumentu
      Tylko na miejscu Biblioteka Politechniki Koszalińskiej Biblioteka Politechniki Koszalińskiej Czytelnia Wydziałowa ul. Kwiatkowskiego 6e KA 6489 09045057 811.111(03) Język angielski - encyklopedie, słowniki Książka
© 2023 Biblioteka Politechniki Koszalińskiej :: KOHA